000 00768nam a2200241Ia 4500
003 OSt
005 20220926021509.0
006 a|||||r|||| 00| 0
007 ta
008 220923b |||||||| |||| 00| 0 eng d
037 _cGeneral Book
040 _aRTL
_cRTL
_beng
041 _2eng
_aeng
082 _aX9(M7):54.49M.N9, N8
110 _aUnited Nations. Economic and Social Commission For Western Asia.
245 0 _aChallenges and opportunities associated with the n
260 _aNew York
_bUN USA
_c1998
300 _a109p.
_ccm.
650 _aTextile Industries
700 _aUnited Nations. Economic and Social Commission For Western Asia.
_9236312
942 _hX9(M7):54.49M.N9, N8
_cGB
_2CC
999 _c636925
_d636925